000 00834nmc a2200313 a 4500
003 AR-BaBNM
005 20251128203111.0
008 017019s1979 ||||||||||||||000 | spa||
020 _a84-320-5650-2
040 _cAR-BaBNM
100 1 _aGironella, José María
245 1 0 _a100 y Franco
246 2 _aCien y Franco
260 _aBuenos Aires
_bPlaneta
_c1979
300 _a612 p.
_bil., láms.
490 0 _aEspejo de españa
650 4 _aHISTORIA POLITICA
650 4 _aHISTORIA POLITICA ARGENTINA
650 4 _aHISTORIA ECONOMICA
650 4 _aHISTORIA SOCIAL
650 4 _aHISTORIA MILITAR
650 4 _aHISTORIA DE LAS RELIGIONES
650 4 _aHISTORIA CULTURAL
651 4 _aEspaña
700 1 _aBorrás Betriu, Rafael
800 1 _aBorrás Betriu, Rafael
_edirector
942 _cBK
998 _cmariana
999 _c1890
_d1890